大統一戦争の国 - サドンデス - Statistics

General Stats
  • This quiz has been taken 38 times
  • The average score is 4 of 16
Answers on the Grid
Answers color-coded by a green-red scale on the quiz's grid according to % correct below.
アミールシャール帝国
カウカンス芸術連邦
イクシス合衆国
ウルズヴェック王国
ロチェト王国
エルミタニア王国
ホクハエレア
シーヴァス連邦
タヒル自由国
ケリヤ共和国
グラスカ連邦
ロムス共和国
コンマイ王国
アクーニア共和国
ヤラウィリ王国
パレンケ領クルリオ
サリピノ共和国
サラート共和国
モゴヨン共和国
オマリア海上共和国
デフェス・カネダ
レツスク共和国
ヴァルト連邦共和国
紫幕府
バフィア帝国
バカラーンダズ王国
アルハズィア共和国
神聖衛州連合帝国
ヒュダ諸島共和国
ブルエスト共和国
 
Answer Stats
Answer % Correct
カウカンス芸術連邦
54%
アミールシャール帝国
50%
ロチェト王国
31%
紫幕府
31%
タヒル自由国
27%
コンマイ王国
23%
神聖衛州連合帝国
23%
エルミタニア王国
19%
ヤラウィリ王国
19%
オマリア海上共和国
19%
バカラーンダズ王国
19%
ホクハエレア
15%
パレンケ領クルリオ
15%
サラート共和国
15%
ヒュダ諸島共和国
15%
デフェス・カネダ
12%
No matching quizzes found
Score Distribution
Percent of People with Each Score
Percentile by Number Answered
Your Score History
You have not taken this quiz